| 000 | 00529nam a22001937a 4500 | ||
|---|---|---|---|
| 003 | OSt | ||
| 005 | 20230707105638.0 | ||
| 008 | 230703b |||||||| |||| 00| 0 eng d | ||
| 020 | _a9780747572206 | ||
| 040 | _cNIRUC | ||
| 050 |
_a REF JA64 _b.K39C65 2004 |
||
| 100 | _aCollin, P. H. | ||
| 245 |
_aDictionary of Politics and Government _cP. H. Collin |
||
| 260 |
_aLondon _bBloomsbury _c2004 |
||
| 300 | _a262 p. | ||
| 650 |
_aPolitical science _vDictionaries |
||
| 650 |
_aEnglish language _vDictionaries |
||
| 942 |
_2lcc _cREF _n0 |
||
| 999 |
_c425 _d425 |
||